01591nas a22002417a 4500999001700000005001700017007001200034008004100046022001400087040000900101082001500110245007500125260003900200300001600239310001500255365001600270500089100286650007001177651001601247655002001263856003701283942002901320 c40848d4084820200515101537.0cz aa aaaaa200428c q||poo|||| 00| 0 eng d a2664-715X coclc a658bJOU/M aInternational Journal of Finance and Commercehe-Journal (Open Access) b Prime PublicationsaDelhi, India  aPDF(online) aQuarterly  eOpen Access aInternational Journal of Finance and Commerce is an international and open access journal. This journal covers all the fields of management such as Human Resource Management, Organizational Behavior and Organizational Management, International Business, Knowledge Management, Environmental Management, Data Analysis and Decision Making, Technology and Operations Management, Strategic Decision Making, Negotiations and Competitive Decision Making, Ethics in Management, Corporate Governance, Corporate Social Responsibility, Entrepreneurship and Innovation, Public Management, Rural Management, General Management, Hotel Management, Intellectual Property Rights, Education Management, Communication Management, Lifecycle Management, Spiritual Management, Tourism Management, Hospitality Management, Leisure Management, Inventory Management, Waste Management, Hospital Management, etc.  0aTechnologyvManagementzManagement & auxiliary services92324 092254aIndia 092257ae-Journal uhttp://www.commercejournals.com/ 2ddccEJh658k658mJOU/M